• 首页
  • 本馆介绍
  • 公告通知
  • 最新文献
  • 馆藏检索
  • 电子资源
  • 读者导购
  • 参考咨询
  • 我的图书馆
  • 登录
  • 详细信息显示
  • 放入我的书架
  • 预约/预借图书
  • 作者相关作品
  • 分类相关作品
  • 丛书相关作品
  • 出版社相关作品

书目信息

  • 表格格式
  • 工作单格式
  • 卡片格式
题名:
最佳店堂
    
 
作者: ;深圳市金版文化发展公司 主编
分册: 01   小餐馆
出版信息: 海口   南海出版公司  2006
页数: 144页
开本: 17×17cm
丛书名:
单 册:
中图分类: TU247-64 , TU247.3-64
科图分类:
主题词: 商店--建筑设计--中国--图集 , 服务建筑--建筑设计--中国--图集 , 商店 , 建筑设计 , 餐馆--建筑设计--中国--图集 , 餐馆 , 服务建筑
电子资源:
ISBN: 7-5442-2938-6
000 01041nam0 2200313 450
001 003203962
005 20070805181746.73
010    @a7-5442-2938-6@b精装@dCNY19.80
100    @a20060104d2006 em y0chiy0110 ea
101 0  @achi
102    @aCN@b460000
105    @aa z 000yy
200 1  @a最佳店堂@9zui jia dian tang@h01@i小餐馆@dBest storefront@iCookshop@f深圳市金版文化发展有限公司主编@zeng
210    @a海口@c南海出版公司@d2006
215    @a144页@c图@d17×17cm
330    @a本书通过图文并茂的形式,简述了小餐馆的筹建、小餐馆厨房设计、小餐馆实例赏析等。
510 1  @aBest storefront@iCookshop@zeng
606 0  @a商店@x建筑设计@y中国@j图集
606 0  @a服务建筑@x建筑设计@y中国@j图集
606 0  @a商店
606 0  @a建筑设计
606 0  @a餐馆@x建筑设计@y中国@j图集
606 0  @a餐馆
606 0  @a服务建筑
690    @aTU247-64@v4
690    @aTU247.3-64@v4
711 02 @a深圳市金版文化发展公司@9shen zhen shi jin ban wen hua fa zhan gong si@4主编
801  0 @aCN@bNLC@c20070805
905    @a10447@dTU247-64@e424:1
    
    最佳店堂.01.小餐馆=Best storefront.Cookshop/深圳市金版文化发展有限公司主编.-海口:南海出版公司,2006
    144页:图;17×17cm
    
    
    ISBN 7-5442-2938-6(精装):CNY19.80
    本书通过图文并茂的形式,简述了小餐馆的筹建、小餐馆厨房设计、小餐馆实例赏析等。
●
相关链接 在E读中查询图书 在五车中查询图书 在当当中查询图书 在豆瓣中查询图书


正题名:最佳店堂     索取号:TU247-64/424:1         预约/预借

序号 登录号 条形码 馆藏地/架位号 状态 备注
1 0806113   208061130   第二样本阅览室/ [索取号:TU247-64/424:1] 在馆    
2 0806114   208061149   第三借阅区/ [索取号:TU247-64/424:1] 在馆    
3 0806115   208061158   第三借阅区/ [索取号:TU247-64/424:1] 在馆    
4 0806116   208061167   第三借阅区/ [索取号:TU247-64/424:1] 在馆    
5 0806117   208061176   第三借阅区/ [索取号:TU247-64/424:1] 在馆    
6 0806118   208061185   第三借阅区/ [索取号:TU247-64/424:1] 在馆    
7 0806119   208061194   第三借阅区/ [索取号:TU247-64/424:1] 在馆    
8 0806120   208061201   第三借阅区/ [索取号:TU247-64/424:1] 在馆    
唐山师范学院图书馆 欢迎您!
大连网信软件有限公司© 版权所有